Elastic and Inelastic Stress Analysis (Record no. 424938)

000 -LEADER
fixed length control field 00406 a2200157 4500
003 - CONTROL NUMBER IDENTIFIER
control field NUST
005 - DATE AND TIME OF LATEST TRANSACTION
control field 20191126123807.0
008 - FIXED-LENGTH DATA ELEMENTS--GENERAL INFORMATION
fixed length control field 191126b ||||| |||| 00| 0 eng d
038 ## - RECORD CONTENT LICENSOR
Staff Name MSOHAIL
082 ## - DEWEY DECIMAL CLASSIFICATION NUMBER
Classification number 620.1123
100 ## - MAIN ENTRY--PERSONAL NAME
Personal name Irving H. Shames
9 (RLIN) 26227
245 ## - TITLE STATEMENT
Title Elastic and Inelastic Stress Analysis
260 ## - PUBLICATION, DISTRIBUTION, ETC.
Place of publication, distribution, etc. London
Name of publisher, distributor, etc. Taylor and Francis
Date of publication, distribution, etc. 1997
300 ## - PHYSICAL DESCRIPTION
Extent p;722
942 ## - ADDED ENTRY ELEMENTS (KOHA)
Institution code [OBSOLETE] NUST
Koha item type Book
-- Book
Source of classification or shelving scheme
Holdings
Withdrawn status Lost status Source of classification or shelving scheme Damaged status Not for loan Permanent Location Current Location Date acquired Total Checkouts Full call number Barcode Date last seen Price effective from Koha item type
          School of Civil and Environmental Engineering (SCEE) School of Civil and Environmental Engineering (SCEE) 11/26/2019   620.1123 NIT-12455 11/26/2019 11/26/2019 Book
© 2023 Central Library, National University of Sciences and Technology. All Rights Reserved.